000 00306 a2200085 4500
100 1 _aDimitraki, P. N..
_eAutor
245 0 _aMostovye impul'snye ustrojstva s polevymi tranzistorami /
_cDimitraki P. N..
710 2 _aKartja Moldovenjaske.
_eWydawca
_4pbl
260 _aKisinev :
_bKartja Moldovenjaske,
_c1981.
300 _a139 s.;
_c25 cm.
999 _c5017
_d5017